LEADER 01314nam a2200301 u 4500 001 000000066715 003 CaOOAMICUS 005 20070226121615.0 008 020123s1985 it u000 u ita u 035 $a10917603 040 $aPUL(R)$bita 245 12$aL'età dei lumi :$bstudi storici sul settecento europeo in onore di Franco Venturi. 260 $aNapoli :$bJovene,$cc1985. 300 $a2 v. ;$c22 cm 490 1 $aStoria e diritto.$aStudi ;$v16 500 $aContiene indici. 504 $aBibliografia in nota. 600 14$aVenturi, Franco,$d1914-1994.$0(OLS)http://pul/subject/24256 650 4$aIlluminismo.$0(OLS)http://pul/subject/1898 830 0$aStoria e diritto.$pStudi ;$v16.$0(OLS)http://pul/title/9591 850 $aPUL 852 $aPUL$W1$xSL Filosofia 1$y2$m107 D 57-58$j86282$nBK-PRI$b $qStampati$B86282$CPULBib$Z2$F86282 $H $81 852 $aPUL$W1$xSL Filosofia 1$y2$m107 D 57-58$j86282$nBK-PRI$b $qStampati$B86283$CPULBib$Z2$F86283 $H $81 941 1 $a8 961 $aINV: 68135-6 961 $aINV: 68135-6 996 $6245$aL'età dei lumi :$bstudi storici sul settecento europeo in onore di Franco Venturi$9(OLS)http://pul/title/88556 996 $6260$aNapoli :$bJovene$9(OLS)http://pul/publisher/47845 LEADER 01439nam a2200313 u 4500 001 000000046596 003 CaOOAMICUS 005 20070226114806.0 008 990715s1983 ne u000 u eng u 020 $a9027714932 035 $a10829787 040 $aPUL(R)$bita 245 00$aAbortion and the status of the fetus /$cedited by William B. Bondeson ... [et al.]. 260 $aDordrecht :$bD. Reidel Publishing Company,$cc1983. 300 $axxxii, 349 p. ;$c25 cm 490 1 $aPhilosophy and medicine ;$v13 504 $aBibliografia in nota. 650 4$aAborto.$0(OLS)http://pul/subject/6488 650 4$aFeto.$0(OLS)http://pul/subject/19810 700 1 $aBondeson, William B.,$d1938-$0(OLS)http://pul/name/33923 710 2 $aUniversity of Missouri--Columbia.$0(OLS)http://pul/name/33924 830 0$aPhilosophy and medicine ;$v13.$0(OLS)http://pul/title/62735 850 $aPUL 852 $aPUL$W1$xSL Religione 1$y3$m39 B 66$j62422$nBK-PRI$b $qStampati$B62422$CPULBib$Z2$F62422 $H $81 852 $aPUL$W1$xSL Religione 1$y3$m39 B 90$j62423$nBK-PRI$b $qStampati$B62423$CPULBib$Z2$F62423 $H $81 941 1 $a8 996 $6020$a9027714932$9(OLS)http://pul/number/58092 996 $6245$aAbortion and the status of the fetus$9(OLS)http://pul/title/62734 996 $6260$aDordrecht :$bD. Reidel Publishing Company$9(OLS)http://pul/publisher/66568